00209nam a2200085 4500082001600000245005400016260002600070300000700096650002000103 a658.823 INS aPackaging in the new Millennium for Food Industry aColombobICHEMCc2000 a12 aPackaginga2000